[Event "?"]
[Site "ICC 2 12 11/13/97, Internet C"]
[Date "1997.??.??"]
[Round "?"]
[White "Brause"]
[Black "Osvaldo"]
[Result "1/2-1/2"]
[WhiteElo "2445"]
[BlackElo "2470"]
[PlyCount "150"]

1. Nc3 Nf6 2. e4 e5 3. Nf3 Nc6 4. Nxe5 Nxe5 5. d4 Nc6 6. d5 Ne5 7. f4 Ng6 8. e5
Ng8 9. d6 cxd6 10. exd6 Qh4+ 11. g3 Qf6 12. Nb5 Rb8 13. Be3 b6 14. Bd4 Qe6+ 15.
Be2 Kd8 16. Qd3 Bb7 17. Rf1 Ba6 18. f5 Bxb5 19. Qxb5 Qxd6 20. O-O-O a6 21. Qa4
b5 22. Qa5+ Qc7 23. Qxc7+ Kxc7 24. fxg6 f6 25. gxh7 Rxh7 26. h4 Bd6 27. Rf3 Re8
28. Rc3+ Kb8 29. Bg4 g5 30. Bf5 Rhe7 31. Bxf6 Nxf6 32. Rxd6 Re1+ 33. Rd1 Rxd1+
34. Kxd1 Nd5 35. Rf3 g4 36. Bxd7 Rd8 37. Bxg4 Ne3+ 38. Ke2 Nxg4 39. b3 Re8+ 40.
Kd2 Rd8+ 41. Kc3 Rc8+ 42. Kb2 Rc5 43. a3 Kc7 44. Rc3 Kd6 45. Rxc5 Kxc5 46. Kc1
Nf6 47. c3 Kd5 48. Kb2 a5 49. Ka2 Ng4 50. h5 Nh6 51. Kb2 Nf7 52. Kc2 Nh6 53.
Kd3 a4 54. bxa4 bxa4 55. Ke3 Ke5 56. c4 Nf5+ 57. Kf2 Nd6 58. c5 Ne4+ 59. Kf3
Nxc5 60. h6 Ne6 61. Ke2 Kf6 62. Kd3 Kg6 63. Kc3 Kxh6 64. Kb4 Kg5 65. Kxa4 Nc7
66. Ka5 Kg4 67. Kb6 Nd5+ 68. Kb7 Kxg3 69. Kc6 Nf6 70. Kc7 Kf2 71. Kd8 Ke3 72.
a4 Kd4 73. a5 Kc5 74. a6 Kb6 75. a7 Kxa7 1/2-1/2

[Event "?"]
[Site "ICC 2 12 12/03/97, Internet C"]
[Date "1997.??.??"]
[Round "?"]
[White "Brause"]
[Black "ANGELofMERCY"]
[Result "1-0"]
[WhiteElo "2430"]
[BlackElo "2220"]
[PlyCount "79"]

1. Nc3 Nf6 2. e4 e5 3. Nf3 Nc6 4. Nxe5 Nxe5 5. d4 Ng6 6. e5 Ng8 7. Bc4 d6 8.
Qf3 Qd7 9. O-O dxe5 10. dxe5 Nxe5 11. Re1 Bd6 12. Bf4 f6 13. Bb5 c6 14. Rad1
Qe6 15. Qg3 Kf8 16. Bxe5 Bxe5 17. f4 cxb5 18. fxe5 Qb6+ 19. Re3 Bf5 20. Rd6 Qc5
21. Rd5 Qc7 22. Nxb5 Qb8 23. Rc3 Ne7 24. Rc7 Qe8 25. exf6 gxf6 26. Qd6 Be6 27.
Rd1 Qf7 28. Re1 Rc8 29. Rxe6 Rxc7 30. Nxc7 f5 31. Rf6 Kg7 32. Rxf7+ Kxf7 33.
Qe6+ Kg7 34. Qxe7+ Kg6 35. Nd5 Rg8 36. Qe6+ Kh5 37. Qxg8 f4 38. Nf6+ Kh6 39.
Qg4 a6 40. Ng8# 1-0

[Event "?"]
[Site "ICC 2 12 12/03/97, Internet C"]
[Date "1997.??.??"]
[Round "?"]
[White "Brause"]
[Black "drstrangemove"]
[Result "1/2-1/2"]
[WhiteElo "2435"]
[BlackElo "2010"]
[PlyCount "50"]

1. e4 e5 2. Nf3 Nc6 3. Nc3 Nf6 4. Nxe5 Nxe5 5. d4 Ng6 6. e5 Ng8 7. Bc4 c6 8.
Qf3 d5 9. exd6 Be6 10. Bxe6 fxe6 11. Ne4 Nf6 12. Bg5 Qa5+ 13. b4 Qf5 14. Bxf6
Qxf3 15. gxf3 gxf6 16. Nxf6+ Kf7 17. Ne4 Rd8 18. b5 Bxd6 19. bxc6 bxc6 20. Rb1
Bb8 21. Rb7+ Ne7 22. Ng5+ Kf6 23. Ne4+ Kf7 24. Ng5+ Kf6 25. Ne4+ Kf7 1/2-1/2

[Event "?"]
[Site "ICC 2 12 12/03/97, Internet C"]
[Date "1997.??.??"]
[Round "?"]
[White "Brause"]
[Black "drstrangemove"]
[Result "0-1"]
[WhiteElo "2440"]
[BlackElo "2025"]
[PlyCount "137"]

1. e4 e5 2. Nf3 Nc6 3. Nc3 Nf6 4. Nxe5 Nxe5 5. d4 Ng6 6. e5 Ng8 7. Bc4 c6 8.
Qf3 d5 9. exd6 Be6 10. Bxe6 fxe6 11. Ne4 Nf6 12. Bg5 Qa5+ 13. b4 Qf5 14. Nxf6+
gxf6 15. Qxf5 exf5 16. Bxf6 Rg8 17. Be5 Kd7 18. O-O-O Bxd6 19. Bxd6 Kxd6 20. c4
Rae8 21. Rd2 Re4 22. g3 Rge8 23. Kd1 f4 24. Rf1 f3 25. Rd3 Re2 26. Rxf3 Rxa2
27. Re3 Rxe3 28. fxe3 Ra1+ 29. Ke2 Rxf1 30. Kxf1 b6 31. Ke2 a5 32. c5+ Kd7 33.
cxb6 a4 34. Kd3 Kc8 35. e4 Kb7 36. Kc2 Kxb6 37. Kb2 Kb5 38. Kc3 Ne7 39. g4 Ng6
40. d5 cxd5 41. exd5 Nf4 42. d6 Nd5+ 43. Kb2 Nxb4 44. d7 Nc6 45. Ka3 Nd8 46. h4
Kc6 47. Kxa4 Kxd7 48. g5 Ne6 49. Kb4 Kd6 50. Kc4 Ke5 51. h5 Nxg5 52. Kd3 Kf4
53. Ke2 Kg4 54. Kf2 Kxh5 55. Kg3 h6 56. Kf4 Kh4 57. Ke5 Kg3 58. Kf5 h5 59. Kxg5
h4 60. Kf5 h3 61. Ke5 h2 62. Kd5 h1=Q+ 63. Kd6 Kf4 64. Kc5 Ke5 65. Kc4 Qd1 66.
Kc5 Qc2+ 67. Kb5 Kd5 68. Kb6 Qc6+ 69. Ka5 0-1

[Event "?"]
[Site "ICC 2 12 12/03/97, Internet C"]
[Date "1997.??.??"]
[Round "?"]
[White "Brause"]
[Black "mishah"]
[Result "1-0"]
[WhiteElo "2535"]
[BlackElo "1990"]
[PlyCount "63"]

1. e4 e5 2. Nf3 Nc6 3. Nc3 Nf6 4. Nxe5 Nxe5 5. d4 Ng6 6. e5 Ng8 7. Bc4 d5 8.
Bxd5 c6 9. Bb3 Be6 10. O-O Qd7 11. Bxe6 fxe6 12. Qd3 O-O-O 13. Bg5 Re8 14. Qc4
N8e7 15. Qc5 b6 16. Qc4 Nd5 17. Ne4 h6 18. Bd2 Kb7 19. Qb3 Be7 20. Qg3 Nh4 21.
Rfd1 Nf5 22. Qd3 g5 23. a4 a5 24. Rac1 Nf4 25. Bxf4 gxf4 26. Qf3 Bg5 27. c4 Ka7
28. c5 Qd5 29. cxb6+ Kxb6 30. Rc5 Qa2 31. Rxc6+ Ka7 32. Qd3 1-0

[Event "?"]
[Site "ICC 2 12 10/06/97, Internet C"]
[Date "1997.??.??"]
[Round "?"]
[White "Brause"]
[Black "AMPERIAL"]
[Result "1-0"]
[WhiteElo "2460"]
[BlackElo "1730"]
[PlyCount "65"]

1. e4 Nf6 2. Nc3 e5 3. Nf3 Nc6 4. Nxe5 Nxe5 5. d4 Qe7 6. dxe5 Qxe5 7. f4 Qc5 8.
e5 Ng8 9. Bd2 d6 10. Qe2 Be7 11. exd6 cxd6 12. Qb5+ Kf8 13. O-O-O Nf6 14. Be2
a6 15. Qxc5 dxc5 16. Bf3 Rb8 17. f5 Bxf5 18. Bf4 Rd8 19. Rxd8+ Bxd8 20. Bxb7 a5
21. Bd6+ Be7 22. Bc7 g6 23. Bxa5 Kg7 24. Nd5 Nxd5 25. Bxd5 Bd8 26. Bc3+ Bf6 27.
Bxf6+ Kxf6 28. Rf1 Kg7 29. g4 Be6 30. Bxe6 fxe6 31. a4 Rb8 32. Rf4 Kh6 33. h4
1-0

[Event "?"]
[Site "ICC 2 12 12/04/97, Internet C"]
[Date "1997.??.??"]
[Round "?"]
[White "Brause"]
[Black "HappyEd"]
[Result "1-0"]
[WhiteElo "2475"]
[BlackElo "2050"]
[PlyCount "60"]

1. Nc3 Nf6 2. e4 e5 3. Nf3 Nc6 4. Nxe5 Nxe5 5. d4 Ng6 6. e5 Ng8 7. Bc4 d6 8.
Qf3 Qd7 9. O-O dxe5 10. dxe5 Nxe5 11. Re1 Bd6 12. Bf4 f6 13. Bb5 c6 14. Rad1
Qe6 15. Qg3 Kf8 16. Bxe5 Bxe5 17. f4 cxb5 18. fxe5 Qb6+ 19. Re3 Bf5 20. Rd6 Qc5
21. Rd5 Qc7 22. Nxb5 Qxc2 23. exf6 Nxf6 24. Nd4 Qb1+ 25. Re1 Qxe1+ 26. Qxe1
Nxd5 27. Nxf5 Kf7 28. Qe5 Rhd8 29. Qxg7+ Ke6 30. Nd4+ Kd6 1-0

[Event "?"]
[Site "ICC 2 12 12/04/97, Internet C"]
[Date "1997.??.??"]
[Round "?"]
[White "Brause"]
[Black "Osvaldo"]
[Result "1/2-1/2"]
[WhiteElo "2445"]
[BlackElo "2490"]
[PlyCount "153"]

1. e4 e5 2. Nf3 Nc6 3. Nc3 Nf6 4. Nxe5 Nxe5 5. d4 Nc6 6. d5 Ne5 7. f4 Ng6 8. e5
Ng8 9. d6 cxd6 10. exd6 Qh4+ 11. g3 Qf6 12. Nb5 Rb8 13. Be3 b6 14. Bd4 Qe6+ 15.
Be2 Kd8 16. Qd3 Ba6 17. f5 Bxb5 18. Qxb5 Qe4 19. O-O-O Rc8 20. Qd3 Qxd3 21.
Bxd3 Rc6 22. fxg6 hxg6 23. Rhf1 f5 24. Bb5 Rc8 25. Rf2 Nf6 26. Re2 Ne4 27. a4
Bxd6 28. Bxg7 Rh7 29. Bd4 Kc7 30. a5 Re8 31. axb6+ axb6 32. Bc4 Bc5 33. Bd5
Rhe7 34. c4 Bxd4 35. Rxd4 Nd6 36. Rxe7 Rxe7 37. Kd2 b5 38. cxb5 Nxb5 39. Rd3
Rh7 40. h4 f4 41. gxf4 Rxh4 42. Ke3 Nd6 43. b4 Nf5+ 44. Kf3 Rh1 45. Kg4 Rg1+
46. Kh3 Rf1 47. Rf3 Rh1+ 48. Kg4 Rg1+ 49. Kh3 Kb6 50. Rb3 Kb5 51. Rd3 Kxb4 52.
Be4 Kc4 53. Rxd7 Rg3+ 54. Kh2 Rg4 55. Bd5+ Kc5 56. Bf7 Rh4+ 57. Kg1 Rxf4 58.
Rd5+ Kc6 59. Ra5 g5 60. Ra6+ Kd7 61. Rg6 Ke7 62. Bd5 g4 63. Re6+ Kf8 64. Rf6+
Kg7 65. Rf7+ Kg6 66. Be6 g3 67. Rxf5 Rxf5 68. Bxf5+ Kxf5 69. Kg2 Kf4 70. Kg1
Kg4 71. Kg2 Kh4 72. Kg1 Kg5 73. Kg2 Kg4 74. Kg1 Kf3 75. Kf1 Ke3 76. Kg2 Ke2 77.
Kxg3 1/2-1/2

[Event "?"]
[Site "ICC 2 12 12/04/97, Internet C"]
[Date "1997.??.??"]
[Round "?"]
[White "Brause"]
[Black "aurelio"]
[Result "1-0"]
[WhiteElo "2460"]
[BlackElo "2015"]
[PlyCount "61"]

1. Nc3 Nf6 2. e4 e5 3. Nf3 Nc6 4. Nxe5 Nxe5 5. d4 Nc6 6. d5 Na5 7. e5 Ng8 8. d6
b6 9. Nb5 cxd6 10. exd6 Bxd6 11. Nxd6+ Kf8 12. Qd5 Qe7+ 13. Kd1 Rb8 14. Bf4 Nf6
15. Qxf7+ Qxf7 16. Nxf7 Ra8 17. Nxh8 d5 18. Bd3 Kg8 19. Ng6 hxg6 20. Bxg6 Nc4
21. b3 Na3 22. Re1 Bg4+ 23. f3 Bd7 24. Re7 Bc6 25. Be5 Rc8 26. Bf5 Rd8 27. Be6+
Kf8 28. Rf7+ Ke8 29. Rxg7 Nh5 30. Bf7+ Kf8 31. Bxh5 1-0

[Event "?"]
[Site "ICC 2 12 12/04/97, Internet C"]
[Date "1997.??.??"]
[Round "?"]
[White "Brause"]
[Black "malakas"]
[Result "1-0"]
[WhiteElo "2560"]
[BlackElo "2035"]
[PlyCount "35"]

1. e4 e5 2. Nf3 Nc6 3. Nc3 Nf6 4. Nxe5 Nxe5 5. d4 Ng6 6. e5 Qe7 7. f4 d6 8. Be2
dxe5 9. fxe5 Nd7 10. O-O c5 11. Bc4 cxd4 12. Bxf7+ Kd8 13. Nd5 Qxe5 14. Re1
Qxe1+ 15. Qxe1 Bc5 16. Bg5+ Nf6 17. Qg3 Rf8 18. Qc7# 1-0

[Event "?"]
[Site "ICC 2 12 12/04/97, Internet C"]
[Date "1997.??.??"]
[Round "?"]
[White "Brause"]
[Black "drstrangemove"]
[Result "1/2-1/2"]
[WhiteElo "2565"]
[BlackElo "2050"]
[PlyCount "99"]

1. e4 e5 2. Nf3 Nc6 3. Nc3 Nf6 4. Nxe5 Nxe5 5. d4 Ng6 6. e5 Ng8 7. Bc4 c6 8.
Qf3 d5 9. exd6 Be6 10. Bxe6 fxe6 11. Ne4 Nf6 12. Nc5 Qxd6 13. Qb3 b6 14. Nxe6
Kd7 15. Nxf8+ Rhxf8 16. O-O Ng4 17. Qh3 Qe6 18. Qxh7 Rf7 19. Qh3 Rh8 20. Qa3 a5
21. Qb3 Qxb3 22. axb3 Nxh2 23. Re1 Ng4 24. f3 Nf6 25. b4 Ra8 26. bxa5 Rxa5 27.
Rxa5 bxa5 28. Bd2 a4 29. Ra1 Re7 30. Kf2 Nd5 31. Rxa4 Ngf4 32. Ra7+ Kd6 33.
Rxe7 Kxe7 34. g3 Ne6 35. c4 Nb6 36. b3 Nxd4 37. Bb4+ Ke6 38. Bc5 Nxb3 39. Bxb6
Nd2 40. Bd4 g6 41. c5 Kd5 42. Be3 Nb3 43. f4 Nxc5 44. Bxc5 Kxc5 45. g4 Kd4 46.
f5 gxf5 47. gxf5 Ke5 48. f6 Kxf6 49. Ke2 Ke5 50. Ke3 1/2-1/2

[Event "?"]
[Site "ICC 2 12 11/15/97, Internet C"]
[Date "1997.??.??"]
[Round "?"]
[White "Brause"]
[Black "suha"]
[Result "1-0"]
[WhiteElo "2425"]
[BlackElo "2295"]
[PlyCount "33"]

1. e4 e5 2. Nf3 Nc6 3. Nc3 Nf6 4. Nxe5 Nxe5 5. d4 Nc6 6. d5 Nb8 7. e5 Ng8 8. d6
cxd6 9. exd6 Qf6 10. Nb5 Na6 11. Bc4 Qe5+ 12. Be3 g6 13. O-O Nf6 14. Re1 Kd8
15. Bb6+ axb6 16. Rxe5 Bg7 17. Qe2 1-0

[Event "?"]
[Site "ICC 2 12 11/15/97, Internet C"]
[Date "1997.??.??"]
[Round "?"]
[White "Brause"]
[Black "drstrangemove"]
[Result "1-0"]
[WhiteElo "2435"]
[BlackElo "2000"]
[PlyCount "97"]

1. e4 e5 2. Nf3 Nc6 3. Nc3 Nf6 4. Nxe5 Nxe5 5. d4 Ng6 6. e5 Ng8 7. Bc4 c6 8.
Qf3 d5 9. exd6 Be6 10. Bxe6 fxe6 11. Ne4 Nf6 12. Qb3 Nxe4 13. Qxe6+ Be7 14.
Qxe4 Qxd6 15. a3 O-O 16. O-O Rae8 17. Qd3 Bf6 18. Be3 b6 19. Rae1 Kh8 20. g3
Ne7 21. b4 g6 22. c3 Nd5 23. c4 Nxe3 24. fxe3 Bg7 25. Re2 Rxf1+ 26. Kxf1 Qe6
27. Ke1 Qe4 28. Kd2 Bh6 29. Qxe4 Rxe4 30. Kd3 Re8 31. a4 Kg7 32. e4 Kf7 33. d5
cxd5 34. cxd5 Bg7 35. Rf2+ Ke7 36. Rc2 Kd7 37. a5 bxa5 38. bxa5 Be5 39. Rc6 Rc8
40. Ra6 Rc3+ 41. Kd2 Rc7 42. Kd1 Bd6 43. Ke2 Bc5 44. e5 Bd4 45. e6+ Kd8 46. d6
Rb7 47. Rc6 Be5 48. e7+ Kd7 49. Rc8 1-0

[Event "?"]
[Site "ICC 2 12 11/15/97, Internet C"]
[Date "1997.??.??"]
[Round "?"]
[White "Brause"]
[Black "emoskow"]
[Result "1-0"]
[WhiteElo "2445"]
[BlackElo "1900"]
[PlyCount "91"]

1. e4 e5 2. Nf3 Nc6 3. Nc3 Nf6 4. Nxe5 Nxe5 5. d4 Nc6 6. d5 Bb4 7. dxc6 Bxc3+
8. bxc3 dxc6 9. Qxd8+ Kxd8 10. Bg5 Re8 11. O-O-O+ Bd7 12. Rd2 Rxe4 13. Bxf6+
gxf6 14. Bd3 Re7 15. Bxh7 Ke8 16. h4 Kf8 17. Rhd1 Be6 18. a4 f5 19. Re1 Rae8
20. Rde2 Bc8 21. Rxe7 Rxe7 22. Rxe7 Kxe7 23. h5 Kf6 24. h6 Kg5 25. Bg8 Kxh6 26.
Bxf7 Kg5 27. c4 a5 28. Kb2 c5 29. Bd5 b6 30. c3 Bd7 31. Ka3 f4 32. Bf3 Bg4 33.
Bxg4 Kxg4 34. Kb2 f3 35. g3 Kh3 36. Kb3 Kg2 37. g4 Kxf2 38. g5 Ke2 39. g6 f2
40. g7 f1=Q 41. g8=Q Qb1+ 42. Ka3 Qe4 43. Kb3 Kd2 44. Qg5+ Qe3 45. Qg2+ Kd3 46.
Qc2# 1-0

[Event "?"]
[Site "ICC 2 12 11/15/97, Internet C"]
[Date "1997.??.??"]
[Round "?"]
[White "Brause"]
[Black "Osvaldo"]
[Result "1-0"]
[WhiteElo "2445"]
[BlackElo "2485"]
[PlyCount "77"]

1. e4 e5 2. Nf3 Nc6 3. Nc3 Nf6 4. Nxe5 Nxe5 5. d4 Nc6 6. d5 Ne5 7. f4 Ng6 8. e5
Ng8 9. d6 cxd6 10. exd6 Qh4+ 11. g3 Qf6 12. Nb5 Rb8 13. Be3 b6 14. Bd4 Qe6+ 15.
Be2 Kd8 16. Qd3 Ba6 17. f5 Bxb5 18. Qxb5 Qxd6 19. O-O-O Qc7 20. fxg6 hxg6 21.
Be5 d6 22. Bxd6 Bxd6 23. Qe5 Ne7 24. Rxd6+ Ke8 25. Qxg7 Qxd6 26. Qxh8+ Kd7 27.
Qh4 Ke8 28. Rf1 Qe5 29. Qa4+ Kf8 30. Qxa7 Qe3+ 31. Kb1 Rd8 32. Bc4 Qf3 33. b4
Rd1+ 34. Rxd1 Qxd1+ 35. Kb2 Qd6 36. Kb3 Kg7 37. Qb7 Qf6 38. c3 Qc6 39. Qxe7 1-0

[Event "?"]
[Site "ICC 2 12 12/05/97, Internet C"]
[Date "1997.??.??"]
[Round "?"]
[White "Brause"]
[Black "drstrangemove"]
[Result "0-1"]
[WhiteElo "2555"]
[BlackElo "2060"]
[PlyCount "129"]

1. Nc3 Nf6 2. e4 e5 3. Nf3 Nc6 4. Nxe5 Nxe5 5. d4 Ng6 6. e5 Ng8 7. Bc4 c6 8.
Qf3 d5 9. exd6 Be6 10. Bxe6 fxe6 11. Ne4 Nf6 12. Nc5 Qxd6 13. Qb3 b6 14. Nxe6
Kd7 15. Nxf8+ Rhxf8 16. O-O Kc7 17. Qa4 Ng4 18. g3 Nh4 19. f4 Nf5 20. h3 Nf6
21. g4 Qxd4+ 22. Qxd4 Nxd4 23. Rf2 Rfe8 24. Kf1 Ne4 25. Rg2 Rad8 26. f5 Kb7 27.
Bf4 Nf3 28. a4 a5 29. Re2 Nf6 30. Rf2 Nd4 31. Rd1 c5 32. Rfd2 Nc6 33. Bg5 Rxd2
34. Rxd2 Rd8 35. Re2 Rd7 36. Bxf6 gxf6 37. Re6 Rf7 38. Re8 Nb4 39. Re2 Kc6 40.
Kf2 Rd7 41. Re6+ Rd6 42. Re2 Nd5 43. Re4 Rd7 44. Re6+ Kc7 45. Kf3 Re7 46. Rxe7+
Nxe7 47. Kf4 Kd6 48. c4 Nc6 49. g5 fxg5+ 50. Kxg5 Ke7 51. Kh6 Kf6 52. Kxh7 Kxf5
53. h4 Ne5 54. h5 Nxc4 55. h6 Ne5 56. Kg7 Kg5 57. h7 Ng6 58. b3 Kf5 59. Kg8 Kf6
60. h8=Q+ Nxh8 61. Kf8 Ke5 62. Kg7 Kd4 63. Kf6 Kc3 64. Kg7 Kxb3 65. Kf6 0-1

[Event "?"]
[Site "ICC 2 12 11/16/97, Internet C"]
[Date "1997.??.??"]
[Round "?"]
[White "Brause"]
[Black "kgor"]
[Result "1-0"]
[WhiteElo "2500"]
[BlackElo "1910"]
[PlyCount "99"]

1. e4 Nf6 2. Nc3 e5 3. Nf3 Nc6 4. Nxe5 Nxe5 5. d4 Bb4 6. dxe5 Nxe4 7. Qg4 d5 8.
Qxg7 Rf8 9. Qxh7 Qe7 10. f4 Nxc3 11. a3 Ne4+ 12. axb4 Qxb4+ 13. c3 Qc5 14. Qh4
Nxc3 15. Bd3 Ne4 16. h3 Bd7 17. Rf1 Qb4+ 18. Kd1 Ba4+ 19. Ke2 Bb5 20. Bxb5+
Qxb5+ 21. Ke1 Qb4+ 22. Kd1 Qb3+ 23. Ke1 Qb4+ 24. Kd1 Rg8 25. g4 Qd4+ 26. Ke1
Qb4+ 27. Ke2 Qc4+ 28. Ke1 Kd7 29. Qh7 Raf8 30. Rf3 Qb4+ 31. Ke2 Rh8 32. e6+
Kxe6 33. Qg7 Qb5+ 34. Kd1 a6 35. b3 Qc6 36. Ba3 Rfg8 37. Qe5+ Kd7 38. Rc1 Qb6
39. Qxd5+ Kc8 40. Qxe4 Qg1+ 41. Kc2 Qg2+ 42. Kb1 c6 43. Bd6 Re8 44. Rxc6+ Kd7
45. Qf5+ Kxc6 46. Rc3+ Kxd6 47. Qc5+ Ke6 48. Qe5+ Kd7 49. Rc7+ Kd8 50. Qd6# 1-0

[Event "?"]
[Site "ICC 2 12 11/16/97, Internet C"]
[Date "1997.??.??"]
[Round "?"]
[White "Brause"]
[Black "kgor"]
[Result "0-1"]
[WhiteElo "2500"]
[BlackElo "1905"]
[PlyCount "93"]

1. e4 Nf6 2. Nc3 e5 3. Nf3 Nc6 4. Nxe5 Nxe5 5. d4 Bb4 6. dxe5 Nxe4 7. Qg4 d5 8.
Qxg7 Rf8 9. Qxh7 Qe7 10. f4 Nxc3 11. a3 Ne4+ 12. axb4 Qxb4+ 13. c3 Nxc3 14. Qc2
Ne4+ 15. Bd2 Qe7 16. Bb5+ Bd7 17. Qxc7 Bxb5 18. Qxe7+ Kxe7 19. Bb4+ Kd7 20.
Bxf8 Rxf8 21. Rxa7 Ba6 22. Rg1 Kc7 23. h4 Kb6 24. Rxa6+ bxa6 25. Ke2 Ng3+ 26.
Kf2 Nf5 27. h5 Rg8 28. g4 Nh6 29. g5 Nf5 30. g6 fxg6 31. Rxg6+ Rxg6 32. hxg6
Kc5 33. b3 d4 34. Ke2 Kd5 35. Kd3 a5 36. Ke2 Ke4 37. e6 Ng7 38. e7 Kxf4 39. Kd3
Ke5 40. Ke2 Ke4 41. Kd2 d3 42. e8=Q+ Nxe8 43. g7 Nxg7 44. Kd1 Ke3 45. b4 axb4
46. Kc1 Ne6 47. Kd1 0-1

[Event "?"]
[Site "ICC 2 12 11/16/97, Internet C"]
[Date "1997.??.??"]
[Round "?"]
[White "Brause"]
[Black "drstrangemove"]
[Result "0-1"]
[WhiteElo "2440"]
[BlackElo "1965"]
[PlyCount "104"]

1. e4 e5 2. Nf3 Nc6 3. Nc3 Nf6 4. Nxe5 Nxe5 5. d4 Ng6 6. e5 Ng8 7. Bc4 c6 8.
Qf3 d5 9. exd6 Be6 10. Bxe6 fxe6 11. Ne4 Nf6 12. Qb3 Nxe4 13. Qxe6+ Be7 14.
Qxe4 Qxd6 15. Bd2 O-O 16. O-O Rae8 17. Qd3 b6 18. Rae1 Bf6 19. Be3 Nf4 20. Bxf4
Qxf4 21. Qc4+ Kh8 22. Rxe8 Rxe8 23. Qxc6 Qe4 24. Qxe4 Rxe4 25. c3 Re2 26. Rb1
Kg8 27. Kf1 Rc2 28. a4 Kf7 29. g3 Ke6 30. Re1+ Kd5 31. Re2 Rxe2 32. Kxe2 Kc4
33. Kd2 Kb3 34. Kc1 Kxa4 35. Kc2 Kb5 36. f4 a5 37. g4 a4 38. g5 Be7 39. h4 g6
40. Kd3 Bd6 41. f5 gxf5 42. h5 Kc6 43. g6 hxg6 44. hxg6 Bf8 45. Ke2 Kd5 46. Kd3
b5 47. Kc2 Kc4 48. Kd1 b4 49. cxb4 Kxd4 50. b5 Kc5 51. b6 Kxb6 52. Kc2 Kc5 0-1

[Event "?"]
[Site "ICC 2 12 11/18/97, Internet C"]
[Date "1997.??.??"]
[Round "?"]
[White "Brause"]
[Black "mishah"]
[Result "1-0"]
[WhiteElo "2425"]
[BlackElo "1935"]
[PlyCount "39"]

1. e4 e5 2. Nf3 Nc6 3. Nc3 Nf6 4. Nxe5 Nxe5 5. d4 Nc6 6. d5 Nb8 7. e5 Ng8 8. d6
c6 9. Bc4 Qh4 10. Bb3 g6 11. Qf3 f5 12. exf6 Qxf6 13. Qe2+ Kd8 14. Ne4 Qe5 15.
Bg5+ Ne7 16. Bf6 Qf5 17. Bxh8 Nd5 18. Bxd5 cxd5 19. Bf6+ Ke8 20. Ng5+ 1-0

[Event "?"]
[Site "ICC 2 12 11/18/97, Internet C"]
[Date "1997.??.??"]
[Round "?"]
[White "Brause"]
[Black "mishah"]
[Result "1-0"]
[WhiteElo "2430"]
[BlackElo "1915"]
[PlyCount "61"]

1. e4 e5 2. Nf3 Nc6 3. Nc3 Nf6 4. Nxe5 Nxe5 5. d4 Nc6 6. d5 Ne7 7. e5 Nfg8 8.
d6 cxd6 9. exd6 Nf5 10. Qe2+ Be7 11. Nb5 Nxd6 12. Nxd6+ Kf8 13. Bf4 Nf6 14. Qc4
Qa5+ 15. c3 Qd5 16. Qxd5 Nxd5 17. Bg3 f6 18. O-O-O Nb6 19. Bd3 g6 20. Nxc8 Rxc8
21. Be4 Kg7 22. Rhe1 Bc5 23. Bxb7 Rce8 24. b4 Rxe1 25. Rxe1 Bf8 26. Bc7 Kf7 27.
a4 Bh6+ 28. Kc2 Nxa4 29. Bd5+ Kg7 30. Re7+ Kf8 31. Bd6 1-0

[Event "?"]
[Site "ICC 2 12 11/18/97, Internet C"]
[Date "1997.??.??"]
[Round "?"]
[White "Brause"]
[Black "mz"]
[Result "1-0"]
[WhiteElo "2435"]
[BlackElo "2355"]
[PlyCount "33"]

1. e4 e5 2. Nf3 Nc6 3. Nc3 Nf6 4. Nxe5 Nxe5 5. d4 Ng6 6. e5 Ng8 7. Bc4 Bb4 8.
Qf3 Qe7 9. O-O Bxc3 10. bxc3 d6 11. Ba3 Be6 12. Qxb7 Rd8 13. Rfe1 h5 14. d5 Bc8
15. Qc6+ Bd7 16. Qxc7 Nxe5 17. Bxd6 1-0

[Event "?"]
[Site "ICC 2 12 11/18/97, Internet C"]
[Date "1997.??.??"]
[Round "?"]
[White "Brause"]
[Black "mz"]
[Result "1-0"]
[WhiteElo "2435"]
[BlackElo "2240"]
[PlyCount "50"]

1. e4 e5 2. Nf3 Nc6 3. Nc3 Nf6 4. Nxe5 Nxe5 5. d4 Ng6 6. e5 Bb4 7. exf6 Qxf6 8.
Bc4 O-O 9. O-O Bxc3 10. bxc3 Nf4 11. Qf3 d5 12. Qxf4 Qxf4 13. Bxf4 dxc4 14.
Bxc7 Bf5 15. Rfc1 Rfe8 16. Rab1 b6 17. Kf1 Re7 18. Bd6 Re6 19. Bf4 Rae8 20. Be3
Kf8 21. Rb4 Rc8 22. Bf4 Ke7 23. Rb5 Be4 24. d5 Rg6 25. Re1 f5 1-0

[Event "?"]
[Site "ICC 2 12 11/18/97, Internet C"]
[Date "1997.??.??"]
[Round "?"]
[White "Brause"]
[Black "drstrangemove"]
[Result "1-0"]
[WhiteElo "2465"]
[BlackElo "2005"]
[PlyCount "111"]

1. e4 e5 2. Nf3 Nc6 3. Nc3 Nf6 4. Nxe5 Nxe5 5. d4 Ng6 6. e5 Ng8 7. Bc4 c6 8.
Qf3 d5 9. exd6 Be6 10. Bxe6 fxe6 11. Ne4 Nf6 12. d7+ Qxd7 13. Qxf6 gxf6 14.
Nxf6+ Ke7 15. Nxd7 Kxd7 16. Bg5 Bg7 17. O-O-O Rhf8 18. Rd2 Rf5 19. Be3 Nf4 20.
Re1 Nd5 21. g3 Nxe3 22. Rxe3 Rd5 23. c3 Rc8 24. Rde2 Re8 25. f4 c5 26. dxc5
Rxc5 27. a4 e5 28. Re4 Rcc8 29. fxe5 Re6 30. Rd2+ Ke7 31. Rd5 b6 32. Rh4 Rh6
33. Rxh6 Bxh6+ 34. Kc2 Bg7 35. Kd3 Ke6 36. Rd6+ Ke7 37. Kd4 Rc5 38. Rd5 Rxd5+
39. Kxd5 Kd7 40. g4 Bh6 41. h4 Bc1 42. e6+ Ke7 43. b3 Bb2 44. c4 Bc1 45. g5 Bd2
46. Ke5 Be3 47. a5 bxa5 48. Kf5 Bd4 49. h5 Bg7 50. g6 hxg6+ 51. Kxg6 Bd4 52.
Kf5 Kd6 53. h6 Be3 54. Kf6 Bxh6 55. c5+ Kxc5 56. e7 1-0

[Event "?"]
[Site "ICC 2 12 11/18/97, Internet C"]
[Date "1997.??.??"]
[Round "?"]
[White "Brause"]
[Black "drstrangemove"]
[Result "1-0"]
[WhiteElo "2465"]
[BlackElo "2005"]
[PlyCount "127"]

1. e4 e5 2. Nf3 Nc6 3. Nc3 Nf6 4. Nxe5 Nxe5 5. d4 Ng6 6. e5 Ng8 7. Bc4 c6 8.
Qf3 d5 9. exd6 Be6 10. Bxe6 fxe6 11. Ne4 Nf6 12. d7+ Qxd7 13. Qxf6 gxf6 14.
Nxf6+ Ke7 15. Nxd7 Kxd7 16. O-O Bg7 17. Rd1 Kc7 18. Be3 e5 19. d5 cxd5 20. Rxd5
b6 21. Rb5 Rad8 22. Re1 Rd7 23. a4 Kc6 24. Kf1 Rhd8 25. Bg5 Re8 26. Rb4 h6 27.
Be3 Ne7 28. Rc4+ Kb7 29. a5 Nd5 30. Bd2 Red8 31. Rh4 Ne7 32. Bxh6 Nf5 33. Bxg7
Nxh4 34. Bf6 Ng6 35. Bxd8 Rxd8 36. axb6 Kxb6 37. g3 Rd2 38. Re2 Rxe2 39. Kxe2
Kc5 40. h4 Kd5 41. h5 Nf8 42. Ke3 Ne6 43. h6 Nf8 44. f3 Nh7 45. g4 Ke6 46. c4
a5 47. f4 exf4+ 48. Kxf4 Kf6 49. c5 Ng5 50. c6 a4 51. h7 Ne6+ 52. Ke4 Kg7 53.
Kd5 Nc7+ 54. Kd6 Na6 55. c7 Nxc7 56. Kxc7 Kxh7 57. Kc6 Kg6 58. Kb5 Kg5 59. Kxa4
Kxg4 60. b4 Kf5 61. Kb5 Ke6 62. Kb6 Kd7 63. b5 Kc8 64. Ka7 1-0

[Event "?"]
[Site "ICC 2 12 11/18/97, Internet C"]
[Date "1997.??.??"]
[Round "?"]
[White "Brause"]
[Black "mishah"]
[Result "1-0"]
[WhiteElo "2455"]
[BlackElo "1930"]
[PlyCount "33"]

1. e4 e5 2. Nf3 Nc6 3. Nc3 Nf6 4. Nxe5 Nxe5 5. d4 Nc6 6. d5 Nb4 7. a3 Na6 8. e5
Qe7 9. Bxa6 bxa6 10. O-O Ng8 11. d6 Qd8 12. Nd5 cxd6 13. Qe2 dxe5 14. Qxe5+ Be7
15. Qxg7 d6 16. Qxh8 Kf8 17. Bh6+ 1-0

[Event "?"]
[Site "ICC 2 12 11/18/97, Internet C"]
[Date "1997.??.??"]
[Round "?"]
[White "Brause"]
[Black "dead"]
[Result "1-0"]
[WhiteElo "2495"]
[BlackElo "2140"]
[PlyCount "51"]

1. e4 e5 2. Nf3 Nc6 3. Nc3 Nf6 4. Nxe5 Nxe5 5. d4 Nc6 6. d5 Ne5 7. f4 Neg4 8.
e5 Bc5 9. exf6 Bf2+ 10. Kd2 Nxf6 11. Qe2+ Qe7 12. Qxf2 Ne4+ 13. Nxe4 Qxe4 14.
Qe2 Qxe2+ 15. Bxe2 d6 16. Re1 O-O 17. Bf3 a6 18. Re7 Bf5 19. Rxc7 Rac8 20. Rxc8
Rxc8 21. c3 b5 22. a4 b4 23. cxb4 Rc4 24. b5 axb5 25. axb5 Rxf4 26. Ra8+ 1-0

[Event "?"]
[Site "ICC 2 12 11/18/97, Internet C"]
[Date "1997.??.??"]
[Round "?"]
[White "Brause"]
[Black "mishah"]
[Result "1-0"]
[WhiteElo "2490"]
[BlackElo "1930"]
[PlyCount "63"]

1. e4 e5 2. Nf3 Nc6 3. Nc3 Nf6 4. Nxe5 Nxe5 5. d4 Ng6 6. e5 Qe7 7. f4 d6 8. Be2
dxe5 9. fxe5 Ng8 10. O-O c6 11. Ne4 Qc7 12. Bc4 f6 13. Bxg8 Rxg8 14. exf6 Be6
15. Ng5 Bf7 16. Qe2+ Kd8 17. fxg7 Rxg7 18. Rxf7 Rxf7 19. Ne6+ Kc8 20. Nxc7 Kxc7
21. Be3 Bd6 22. Qc4 Re7 23. Bg5 Rd7 24. Rf1 Re8 25. Rf7 Rf8 26. Rxf8 Bxf8 27.
Bf6 Bd6 28. g3 Ne7 29. Be5 Bxe5 30. dxe5 Rd5 31. Qh4 Rxe5 32. Qxh7 1-0

[Event "?"]
[Site "ICC 2 12 11/18/97, Internet C"]
[Date "1997.??.??"]
[Round "?"]
[White "Brause"]
[Black "SirJames"]
[Result "1-0"]
[WhiteElo "2465"]
[BlackElo "2090"]
[PlyCount "59"]

1. e4 e5 2. Nf3 Nc6 3. Nc3 Nf6 4. Nxe5 Nxe5 5. d4 Nc6 6. d5 Ne5 7. f4 Ng6 8. e5
Ng8 9. d6 cxd6 10. exd6 Bxd6 11. Qxd6 Qe7+ 12. Qxe7+ N8xe7 13. Bc4 O-O 14. O-O
a6 15. Re1 b5 16. Bd3 f5 17. a4 b4 18. Bc4+ Kh8 19. Nd5 Nxd5 20. Bxd5 Rb8 21.
Be3 Bb7 22. Rad1 h6 23. Ba7 Bxd5 24. Bxb8 Be6 25. Bd6 Rc8 26. Re2 a5 27. Rd4
Kg8 28. g3 Kf7 29. Kf2 Nf8 30. Rdd2 1-0